Normal view
MARC view
- العقود الإلكترونية -- الأردن -- العقود الدولية -- تجارة إلكترونية -- قوانين و أنظمة -- قانون مقارن
Entry Topical Term
001 - CONTROL NUMBER
- control field: 46747
003 - CONTROL NUMBER IDENTIFIER
- control field: JO-AjAnu
005 - DATE AND TIME OF LATEST TRANSACTION
- control field: 20230606081725.0
008 - FIXED-LENGTH DATA ELEMENTS
- fixed length control field: 230606|| aca||aabn | a|a d
040 ## - CATALOGING SOURCE
- Original cataloging agency: JO-AjAnu
- Transcribing agency: JO-AjAnu
150 ## - HEADING--TOPICAL TERM
- Topical term or geographic name entry element: العقود الإلكترونية -- الأردن -- العقود الدولية -- تجارة إلكترونية -- قوانين و أنظمة -- قانون مقارن
670 ## - SOURCE DATA FOUND
- Source citation: Work cat.: (JO-AjAnu)23927: إعداد علاء الدين محمد ذيب عبابنة؛ محمد يوسف الزعبي, author 46746, القانون الواجب التطبيق على العقد الإلكتروني الدولي في القانون الأردني و المقارن = The law applicable to the international electroniccontract according